| 000 | 00670nam a2200205 i 4500 | ||
|---|---|---|---|
| 001 | 80074 | ||
| 003 | ES-MaACL | ||
| 007 | t| | ||
| 008 | 041026s1972 sp ||||1| spa d | ||
| 100 | 1 |
_aHeydenreich, Ludwig Heinrich. _963525 |
|
| 245 | 1 | 0 |
_aEclosión del Renacimiento _b: Italia, 1400-1460 / _cLudwig H. Heydenreich ; traducción de José Gil de Ramales. |
| 250 | _a[1ª ed.]. | ||
| 260 |
_a[Madrid] : _bAguilar, _c[1972] |
||
| 300 |
_a434 p., 20 lám. ; _c28 cm. |
||
| 490 | 1 | _aEl universo de las formas | |
| 700 | 1 |
_aGil de Ramales, José. _956800 |
|
| 830 | 0 |
_aEl universo de las formas _9181490 |
|
| 852 |
_aES-MaACL _jE-6947 _bR.51282 |
||
| 999 |
_c80074 _d80074 |
||